| 000 | 00354nam a2200145Ia 4500 | ||
|---|---|---|---|
| 003 | OSt | ||
| 005 | 20240101101545.0 | ||
| 008 | 170524s9999 xx 000 0 und d | ||
| 020 | _a9971513161 | ||
| 040 | _cIIMT UNIVERSITY | ||
| 100 | _aTyagi MS | ||
| 245 | 0 | _aIntroduction to Semiconductor Materials and Devices | |
| 260 | _bJohn Vitey | ||
| 942 |
_2ddc _c02 |
||
| 999 |
_c4842 _d4842 |
||